| 000 | 00620nam a2200205Ia 4500 | ||
|---|---|---|---|
| 003 | GCL | ||
| 008 | 140319s9999 xx 000 0 ara d | ||
| 020 | _a5100408977 | ||
| 040 |
_aGCL / _cGCL |
||
| 082 | 0 | 4 |
_aط _b813.01 _bق هـ |
| 245 | 1 | 0 | _aهذة أخلاقنا : حسن الظن |
| 250 | _aالثانية | ||
| 260 |
_aالقاهرة : _bقسم النشر للاطفال بدار الفاروق ، _c2006 |
||
| 300 |
_a15 ص ؛ _c24 سم |
||
| 490 |
_aهذة أخلاقنا _v0 |
||
| 650 | 0 | 4 | _aالقصص القصيرة |
| 650 | 0 | 4 | _aقصص الاطفال |
| 650 | 0 | 4 | _aاداب السلوك |
| 942 |
_2ddc _cBK |
||
| 999 |
_c9168 _d9168 |
||